000 00363 a2200157 4500
001 180814
020 _a
040 _cMagnum
100 _a-
240 1 0 _aA realizacao da pessoa em jesus cristo 7 serie
_lpor
245 1 0 _aA realizacao da pessoa em jesus cristo 7 serie
362 0 _a1899
440 1 _aLoyola
697 _aMAGNITO: RELIGIAO
942 _cBK
999 _c180814
_d180814